000 00473nam a2200181Ia 4500
001 2892
005 20260306144840.0
008 260306t1999||||xx |||||||||||||| ||spa||
041 _aESP
082 _a231.511
_bL84
100 _aLorda, Juan Luis
_eAUT
245 0 _aPara una idea cristiana del hombre:
_baproximación teológica a la antropología
260 _c1999
300 _a139 páginas :
_c20 cm.
650 _aGEN
654 _aCHU
942 _cLIB
_dJUS
_fJUS
_2ddc
_n
999 _c2892
_d2892